02383cam a22003974i 4500001000600000003000900006005001700015008004100032020002500073020002800098035002700126040003300153082001800186100003600204245004800240264003000288300003900318336002100357337002500378338002300403505078600426505062001212526000901832526000901841526000901850526000901859526000901868526000901877526000801886526000801894526000801902526000801910526000801918526000801926650005101934u6044PE-LiUPU20250731184605.0150617s1985 sp r 000 0 spa d a847228753Xq(tomo I) a9788472287532q(tomo I) a(Sirsi) i9788472287532 aPE-LiUPUbspacPE-LiUPUerda a933bJ83g2231 aJosefo, Flavio,eautor.d37-10014aLas guerras de los judios /cFlavio Josefo. 1aBarcelona :bCLIE,c1985. a334 páginas ;c20 centímetros. atext2rdacontent aunmediated2rdamedia avolume2rdacarrier0 aTomo 1: En el cual se trata de la destrucción de Jerusalén hecha por Antíoco -- De los príncipes que sucedieron desde Jonatán hasta Aristóbulo -- Que trata de los hechos de Aristóbulo, Antíoco, Judas Eseo, Alejandro, Teodoro y Demetrio -- De la guerra de la Alejandro con Antíoco y Areta, y de Alejandro e Hircano -- De los sucesos de Herodes, y de la venganza del águila de oro que robaron -- De la batalla y muertes que hubo en Jerusalén entre los judíos y sabinianos -- De lo que Varrón hizo con los judíos que mando ahorcar -- De la venida del capitán Vespasiano, y de dos batallas de los judíos -- En el cual se describe Galilea, Samaria y Judea -- Cómo plácido vino contra Jotapata -- Cómo fue combatida Gadara -- Del cerco de Jotapata.0 aTOMO 2: Destrucción de Jotapata -- cómo se rindió Tiberiada -- De la destrucción de Gamala -- Principio de la destrucción de Jerusalén -- De la discordia que había en Jerusalén --De como Vespacioano gue elegido por emperador -- Tito enviado para acabar con la guerra de los judiós -- De los tres bando en que estaba dividida Jerusalén -- del sacrilegio que se hacia en el templo, y numero de muertos en la ciudad -- De como fueron minados los muros y quemados los montes de los romanos -- La destrucción de los judíos hecha en Antioquía -- De los judíos que fueron muertos en Cirene. aP136 aP135 aP134 aP133 aP144 aP143 aP87 aP35 aP20 aP14 aP10 aP06 0aJudíosxHistoriayHasta el siglo I.2BLAAUTO